[Event "MEX-ch U26"]
[Site "Merida"]
[Date "2019.05.15"]
[Round "4"]
[White "Quiroga Garza, Juan Manuel"]
[Black "Morquecho Rojas, Marcos"]
[Result "1-0"]
[WhiteElo "2139"]
[BlackElo "1721"]
[PlyCount "81"]
[EventDate "2019.05.12"]
[EventType "swiss"]
[EventRounds "6"]
[EventCountry "MEX"]
[SourceTitle "EXT 2020"]
[Source "ChessBase"]
[SourceDate "2019.10.17"]
[SourceVersion "1"]
[SourceVersionDate "2019.10.17"]
[SourceQuality "1"]

1. e4 c5 2. Nf3 e6 3. c4 Nc6 4. Nc3 d6 5. d4 cxd4 6. Nxd4 Nf6 7. Be2 Be7 8. Be3 a6 9. 0-0 0-0 10. Qd2 Qc7 11. Rac1 Ne5 12. h3 b6 13. f4 Ned7 14. b4 Bb7 15. Bd3 Rac8 16. a3 Rfe8 17. Nde2 Qb8 18. g4 Ba8 19. Ng3 Nf8 20. g5 N6d7 21. h4 Qb7 22. Bd4 Nb8 23. f5 Nc6 24. Bxg7 Kxg7 25. f6+ Kh8 26. fxe7 Qxe7 27. Nh5 Ng6 28. Qf2 Nce5 29. Be2 Rg8 30. Nf6 Rg7 31. Nd1 b5 32. Ne3 bxc4 33. Nxc4 Bb7 34. Nxe5 Nxe5 35. Kh2 Rgg8 36. Nxg8 Kxg8 37. Qf6 Qd7 38. h5 Rxc1 39. Rxc1 Bxe4 40. h6 Kf8 41. Rc8+ 1-0